000 00513nam a2200121Ia 4500
008 220616s9999||||xx |||||||||||||| ||und||
100 _aSiedina, Giovanna
245 0 _aChapter Humanism and the Renaissance in Recent Histories of Ukrainian Literature
546 _aEnglish[eng]
650 _aReception of Humanism-Renaissance||Early-modern Ukrainian literature||Neo-Latin literature||multilingualism||multiple identity
856 _uhttps://library.oapen.org/bitstream/20.500.12657/56132/1/15422.pdf
942 _cEB
999 _c19642
_d19642